Diccionario de textos sociales pontificios /

I tiakina i:
Ngā taipitopito rārangi puna kōrero
Kaituhi matua: Torres Calvo, Angel (autor)
Hōputu: Pukapuka
Reo:Pāniora
I whakaputaina: Madrid, España : Compañía Bibliográfica Española, 1962
Ngā marau:
Ngā Tūtohu: Tāpirihia he Tūtohu
Kāore He Tūtohu, Me noho koe te mea tuatahi ki te tūtohu i tēnei pūkete!

MARC

LEADER 00000nam^a2200000^a^4500
001 000018417
005 20250521000000.0
009 20260310084218.936
037 |a Acervo ITESO - Biblioteca 
041 |a ESP 
082 |a 262. 8  |b TOR 
100 |a Torres Calvo, Angel  |e (autor) 
245 1 0 |a Diccionario de textos sociales pontificios /  |c A. Torres Calvo. 
264 1 |a Madrid, España :  |b Compañía Bibliográfica Española,  |c 1962 
300 |a 1948 p. 
336 |a texto  |b txt  |2 rdacontenido 
337 |a sin mediación  |b n  |2 rdamedio 
338 |a volumen  |b nc  |2 rdasoporte 
649 |a XX 
650 |a Religión 
650 |a Encíclicas 
910 |a Fondo General 
920 |a Impresos - Libros 
930 |a Obras de Referencia 
905 |a 102 
901 |a 0184170100  |b IT2  |c REF  |i 018417  |u 20250521 
902 |a https://opac.biblio.iteso.mx/vufind/Record/000018417